Kouphi (Record no. 86064)

MARC details
000 -LEADER
fixed length control field 00396nam a2200133Ia 4500
008 - FIXED-LENGTH DATA ELEMENTS--GENERAL INFORMATION
fixed length control field 211109s9999||||xx |||||||||||||| ||und||
082 ## - DEWEY DECIMAL CLASSIFICATION NUMBER
Classification number 894.43
Item number KRI-K
100 ## - MAIN ENTRY--PERSONAL NAME
Personal name Krishna Nothi,
245 #0 - TITLE STATEMENT
Title Kouphi
260 ## - PUBLICATION, DISTRIBUTION, ETC.
Name of publisher, distributor, etc. Central Hindi Directrate
Place of publication, distribution, etc. New Delhi
Date of publication, distribution, etc. 1900
630 ## - SUBJECT ADDED ENTRY--UNIFORM TITLE
General subdivision GENERAL STACK
650 ## - SUBJECT ADDED ENTRY--TOPICAL TERM
Topical term or geographic name entry element LITERATURE AND RHETORIC
942 ## - ADDED ENTRY ELEMENTS (KOHA)
Koha item type BOOK
650 ## - SUBJECT ADDED ENTRY--TOPICAL TERM
Form subdivision LITERATURES OF OTHER LANGUAGES
General subdivision HINDI DRAMAGeneralia
Holdings
Withdrawn status Lost status Damaged status Not for loan Home library Current library Date acquired Total Checkouts Full call number Barcode Shelving location Date last seen Price effective from Koha item type
        SB LIBRARY SB LIBRARY 09/11/2021   894.43 KRI-K 00070867 GENERAL STACK 09/11/2021 09/11/2021 BOOK

Powered by Koha